| 000 | 00346 a2200133 4500 | ||
|---|---|---|---|
| 000 | nam a22 7a 4500 | ||
| 100 | _a PARKAR | ||
| 110 | _a PARKAR | ||
| 245 | _aTextbook Of Zoology : Invertebrates | ||
| 250 | _alatest | ||
| 260 |
_bAITBS PUBLISHERS AND DISTRIBUTOR _c2026 |
||
| 264 |
_bAITBS PUBLISHERS AND DISTRIBUTOR _c2026 |
||
| 942 | _cBK | ||
| 999 |
_c395026 _d395026 |
||